Palmarès total de Lionel Messi - Statistiques

Statistiques générales
  • Ce quiz a été pris 2 555 fois
    933 depuis la dernière actualisation
  • Le résultat moyen est 13 sur 22
Statistiques - réponses
NOMBRE DE FOIS ANNÉE(S) TITRE % Correct
10 2005/2006/2009/2010/2011/2013/2015/2016/2018/2019 Liga
97%
8 2009/2010/2011/2012/2015/2019/2021/2023 Ballon d'Or
89%
1 2022 Coupe du Monde
89%
1 2005 Coupe du monde des moins de 20 ans
89%
4 2006/2009/2011/2015 Ligue des Champions
89%
1 2022 Ligue 1
88%
7 2009/2012/2015/2016/2017/2018/2021 Coupe du Roi
80%
1 2021 Copa America
79%
6 2010/2012/2013/2017/2018/2019 Soulier d'Or Européén
67%
1 2008 Jeux Olympiques
59%
8 2005/2006/2009/2010/2011/2013/2016/2018 Supercoupe d'Espagne
57%
1 2022 Trophée des Champions
55%
1 2024 MLS
54%
3 2009/2011/2015 Coupe du Monde des clubs
52%
3 2009/2011/2015 Supercoupe de l'UEFA
46%
1 2022 Coupe des champions CONMEBOL-UEFA
43%
1 2005 Golden Boy
35%
8 2009/2010/2011/2012/2015/2019/2022/2023 Trophée The Best
33%
8 2009/2012/2013/2017/2018/2019/2020/2021 Trophée Pichichi
28%
2 2014/2022 Ballon d'or Adidas (meilleur joueur CDM)
12%
1 2023 Leagues Cup
9%
4 2009/2011/2012/2018 Onze d'Or
3%
Aucun quiz correspondant
Distribution des résultats
% des personnes avec chaque résultat
Percentile par nombre de réponses
Votre historique - résultats
Vous n’avez pas pris ce quiz depuis la dernière actualisation